| 000 | 00863nac a22002897a 4500 | ||
|---|---|---|---|
| 001 | BR6005128 | ||
| 003 | BR-BrBNA | ||
| 005 | 20240105113120.0 | ||
| 008 | 230509b bl.|||m| |||| 00| 0 por d | ||
| 040 |
_aBR-BrBNA _bpor _cBiblioteca Nacional de Agricultura |
||
| 072 | _aE50 | ||
| 090 | _aE50 BR6005128 | ||
| 100 | 1 | _aMustard, H.S. | |
| 100 | 1 | _aMello, E.J. de | |
| 110 | 1 |
_aInstituto Nacional do Livro, Rio de Janeiro, GB (Brasil) _96536 |
|
| 245 | 1 | _aPratica sanitaria rural [Higiene; Saude] | |
| 260 | 3 |
_aRio de Janeiro, GB (Brasil): _c1947. |
|
| 300 | _a498 p. | ||
| 490 |
_aBiblioteca Cientifica Brasileira. Serie B-2 (Brazil) _v _x |
||
| 650 | _aSANEAMENTO RURAL | ||
| 650 | _aCOMUNIDADE RURAL | ||
| 650 | _aSAUDE | ||
| 650 | _aHIGIENE | ||
| 650 | _aPROFILAXIA | ||
| 909 |
_a202312 _bLúcia Elande _c55 _dLúcia Elande |
||
| 942 |
_2AGRIS _n0 _cMS |
||
| 999 |
_c261969 _d261969 |
||